000 00286nam a22001217a 4500
008 170622b xxu||||| |||| 00| 0 eng d
041 _aeng
080 _a94(4)
100 _a18
101 _aSHH
245 _aTHE RUSIAN REVOLUTION AND BOLSHEVIK VICTORY
_cSUNY.R
942 _2udc
_cBK
999 _c18618
_d18618